01220nab a2200337 a 450000100060000000300080000600500170001400600190003100700150005000800410006502200140010603500210012004000260014105000240016708000100019108200120020110000270021322200160024024501610025626000850041730000100050231000150051236200190052753301640054665000230071065000190073365500320075271000190078485600620080399900170086556346FlNmELB20241216232832.0m o d | cr cn|||||||||201106r2007 ck |||||s|||||||||||spa d a2011-1711 a(OCoLC)955406828 aFlNmELBbspacFlNmELB 4aHG3851.3bO969 2007 a339.504a3822221 aOviedo Albán, Jorge. 0aUniversitas10aAplicación material de la convención de naciones unidas sobre compraventa internacional de mercaderíash[recurso electronico] /cJorge Oviedo Albán. aBogotá (Colombia) :bRed Universitas. Pontificia Universidad Javeriana,c2007. a29 p. aTrimestral0 aNo. 113(2007)- aRecurso electrónico. Santa Fe, Arg.: e-libro, 2015. Disponible vía World Wide Web. El acceso puede estar limitado para las bibliotecas afiliadas a e-libro. 4aDerecho.xGeneral. 4aLaw.xGeneral. 4aArtículos electrónicos.2 ae-libro, Corp.40uhttps://elibro.net/ereader/politecnicointernacional/32749 c56346d56346